Statistiken für Adam Sandler Movies Quiz

Klicken Sie hier um das Quiz zu spielen!

Allgemein

  • Dieses Quiz wurde 79 mal gespielt
  • Das Durchschnittsergebnis liegt bei 4 aus 16

Antwortstatistiken

Kleiner Hinweis...Film% Korrekt
Die ultimative Fernbedienung ...Klick
72%
Ukelelespielender Walrossbetreuer verliebt sich in Vergessliche50 erste Dates
46%
Geschmeidiger Nahostkämpfer vom Spezialkommando bietet Spezialbehandlung für die reiferen DamenLeg dich nicht mit Zohan an
46%
Der golfende EishockeyspielerHappy Gilmore
38%
Der Mann mit der IDENTISCHEN ZwillingsschwesterJack und Jill
29%
Fünfjähiger wird von arbeitslosem Randgruppenmitglied adoptiertBig Daddy
28%
Unglückliche Herren mittleren Alters treffen sich und legen kindisches Verhalten an den TagGrown Ups
25%
Was haben Singles mit Kindern, eine Fastfoodkette, Pornoheftchen, Tampons und eine Reise nach Afrika gemeinsam? - Richtig: Diesen Film!Urlaubsreif
25%
Geistig minderbemittelter Sumpfheini wird zur FootballlegendeWaterboy - Der Typ mit dem Wasserschaden
23%
Gutherziges Landei erbt MedienimperiumMr. Deeds
20%
Von Beruf Sohn und nicht das hellste Licht unter der Sonne, muss er die Schule wiederholenBilly Madison - Ein Chaot zum Verlieben
18%
Sanftmütiger Mensch, der ß8#3%"$§&2! - goosefraba .. .. .. goosefrabaDie Wutprobe
18%
Chaos im Haushalt reicher Californier mit mexikanischer HaushaltshilfeSpanglish
11%
Umgeben von Bräuten singt er auf Hochzeiten und verliebt sich in die - genau - ... Kellnerin.Eine Hochzeit zum Verlieben
3%
Mit Pudding zu Vielfliegermeilen und der wahren LiebePunch Drunk Love
2%
Totkrankes Mitglied der Unterhaltungsindustrie fördert NachwuchsWie das Leben so spielt
2%

Verteilung der Resultate

Perzentil nach korrekt beantworteten Fragen

Anzahl Personen mit jedem Resultat

Ihre Resultats-Entwicklung

Sie haben dieses Quiz noch nicht gespielt